000 00287nam a2200097Ia 4500
008 220120s9999||||xx |||||||||||||| ||und||
100 _aPrajna, Shettey, M and Adarsha
_912282
245 0 _aSmart Home
260 _aCoorg Institute of Technology
_bPonnampet
_c2010
650 _aCOMPUTER SCIENCE
999 _c137868
_d137868